[Event "GER-ch"]
[Site "Magdeburg"]
[Date "2020.08.19"]
[Round "5"]
[White "Bastian, Herbert"]
[Black "Mons, Leon"]
[Result "0-1"]
[WhiteElo "2272"]
[BlackElo "2540"]
[EventDate "2020.08.16"]
[PlyCount "54"]

1. e4 c5 2. Nc3 Nc6 3. g3 g6 4. Bg2 Bg7 5. d3 d6 6. f4 e6 7. Nf3 Nge7 8. O-O O-O 9. Be3 b6 10. Qd2 Nd4 11. Nd1 Bb7 12. Nh4 f5 13. c3 Ndc6 14. Nf3 Qd7 15. Nf2 Nd8 16. Rad1 Nf7 17. Qc2 Bc6 18. Rfe1 Qb7 19. Bc1 e5 20. d4 exd4 21. cxd4 fxe4 22. Nxe4 Nf5 23. dxc5 dxc5 24. g4 Rae8 25. Neg5 Nd4 26. Qf2 Nxg5 27. Nxg5 h6 0-1

[Event "GER-ch"]
[Site "Magdeburg"]
[Date "2020.08.19"]
[Round "5"]
[White "Braun, Georg"]
[Black "Stern, Rene"]
[Result "1/2-1/2"]
[WhiteElo "2360"]
[BlackElo "2526"]
[EventDate "2020.08.16"]
[PlyCount "91"]

1. e4 e5 2. Nf3 Nc6 3. Bb5 a6 4. Ba4 Nf6 5. O-O Be7 6. Re1 b5 7. Bb3 d6 8. c3 O-O 9. h3 Nb8 10. d4 Nbd7 11. c4 c6 12. Qc2 Bb7 13. Nc3 h6 14. a3 Re8 15. Bd2 Rc8 16. Rac1 Bf8 17. dxe5 dxe5 18. Be3 Nc5 19. Red1 Qc7 20. cxb5 cxb5 21. Nd5 Bxd5 22. Bxd5 Qb8 23. Qb1 b4 24. axb4 Qxb4 25. Rc4 Qb8 26. Qc2 Nxd5 27. Rxd5 Nb7 28. Rxe5 Nd6 29. Rxe8 Rxe8 30. Rd4 Qb7 31. e5 Rc8 32. Qd3 Nb5 33. Rd8 Qc7 34. Rd7 Qc6 35. Qf5 Qe6 36. Rxf7 Qxf5 37. Rxf5 Rc2 38. Nh4 Rxb2 39. Ng6 Ba3 40. e6 Rb1+ 41. Kh2 Bd6+ 42. g3 Nc7 43. e7 Kh7 44. Nf8+ Kg8 45. Ng6 Kh7 46. Nf8+ 1/2-1/2

[Event "GER-ch"]
[Site "Magdeburg"]
[Date "2020.08.19"]
[Round "5"]
[White "Graf, Alexander"]
[Black "Dobrikov, Marco"]
[Result "1-0"]
[WhiteElo "2569"]
[BlackElo "2290"]
[EventDate "2020.08.16"]
[PlyCount "69"]

1. Nf3 c5 2. b3 d6 3. Bb2 e5 4. e3 Nc6 5. c4 Nf6 6. Nc3 Be7 7. Be2 O-O 8. O-O h6 9. Rc1 Be6 10. d4 e4 11. Nd2 cxd4 12. exd4 Nxd4 13. Ndxe4 d5 14. cxd5 Nxe2+ 15. Qxe2 Nxd5 16. Rfd1 Nxc3 17. Rxc3 Qa5 18. Rg3 g6 19. Bf6 Rfe8 20. h4 Rad8 21. Bxe7 Rxe7 22. Rxd8+ Qxd8 23. Nf6+ Kf8 24. Rd3 Qa5 25. b4 Qc7 26. Qd2 Re8 27. Qxh6+ Ke7 28. Qg5 Kf8 29. Nxe8 Kxe8 30. a3 a6 31. Qc5 Qf4 32. Qd6 Qc1+ 33. Kh2 Qc8 34. h5 gxh5 35. Rg3 1-0

[Event "GER-ch"]
[Site "Magdeburg"]
[Date "2020.08.19"]
[Round "5"]
[White "Muckle, Julius"]
[Black "Bindrich, Falko"]
[Result "1/2-1/2"]
[WhiteElo "2386"]
[BlackElo "2605"]
[EventDate "2020.08.16"]
[PlyCount "81"]

1. d4 Nf6 2. c4 e6 3. Nf3 d5 4. Nc3 a6 5. e3 dxc4 6. Bxc4 b5 7. Bd3 Bb7 8. a3 Nbd7 9. b4 Bd6 10. O-O e5 11. dxe5 Nxe5 12. Nxe5 Bxe5 13. Bb2 Qe7 14. Qe2 O-O 15. f4 Bxc3 16. Bxc3 Rfe8 17. Be5 Nd7 18. Bxc7 Qxe3+ 19. Qxe3 Rxe3 20. Rfd1 Nf6 21. Be5 Ng4 22. Bd4 Ree8 23. h3 Ne3 24. Bxe3 Rxe3 25. a4 bxa4 26. Rxa4 h5 27. b5 axb5 28. Rxa8+ Bxa8 29. Bxb5 Kh7 30. Rd8 Ra3 31. Bd3+ g6 32. Bc4 Ra7 33. Bxf7 Rxf7 34. Rxa8 Rxf4 35. g3 Rb4 36. Ra7+ Kh6 37. h4 Rb2 38. Rc7 Ra2 39. Rb7 Rc2 40. Ra7 Rb2 41. Rc7 1/2-1/2

[Event "GER-ch"]
[Site "Magdeburg"]
[Date "2020.08.19"]
[Round "5"]
[White "Parvanyan, Ashot"]
[Black "Engel, Luis"]
[Result "1-0"]
[WhiteElo "2449"]
[BlackElo "2532"]
[EventDate "2020.08.16"]
[PlyCount "127"]

1. Nf3 d5 2. d4 Nf6 3. c4 e6 4. g3 dxc4 5. Bg2 a6 6. O-O Nc6 7. e3 Rb8 8. Qe2 b5 9. b3 cxb3 10. Nfd2 Bb7 11. Nxb3 Nb4 12. Bxb7 Rxb7 13. Bb2 Be7 14. a3 Nc6 15. Rc1 Rb6 16. N1d2 O-O 17. a4 Qd7 18. axb5 axb5 19. e4 Rc8 20. Nf3 Qe8 21. Nc5 Nd7 22. Nb3 Bf8 23. Qe3 Nb4 24. Ra7 Rc6 25. Nc5 Nxc5 26. dxc5 Ra6 27. Rxa6 Nxa6 28. c6 Rb8 29. Ne5 Ra8 30. Nd7 Nb8 31. Qd3 b4 32. Be5 b3 33. Nxf8 Nxc6 34. Nd7 Nxe5 35. Nxe5 Qa4 36. Rb1 Rb8 37. Nd7 Qb5 38. Qd4 Qb4 39. Qxb4 Rxb4 40. Nc5 b2 41. Nd3 Rxe4 42. Rxb2 g5 43. Rc2 Rd4 44. Ne5 Re4 45. Nd7 Kg7 46. Rxc7 h5 47. Nc5 Re5 48. Kg2 Kg6 49. Nb7 Rd5 50. Rc8 Kf6 51. Rd8 Re5 52. Rd7 Kg6 53. Nd6 f5 54. Ne8 g4 55. Rg7+ Kh6 56. Rf7 Re4 57. Nf6 Re1 58. Re7 Kg5 59. Nd5 e5 60. Ne3 Kf6 61. Re8 h4 62. gxh4 f4 63. Nxg4+ Kf5 64. Rxe5+ 1-0

[Event "GER-ch"]
[Site "Magdeburg"]
[Date "2020.08.20"]
[Round "6"]
[White "Andre, Gordon"]
[Black "Stern, Rene"]
[Result "0-1"]
[WhiteElo "2373"]
[BlackElo "2526"]
[EventDate "2020.08.16"]
[PlyCount "100"]

1. d4 d5 2. c4 e6 3. Nc3 Be7 4. Nf3 Nf6 5. Bf4 O-O 6. e3 b6 7. Qc2 c5 8. cxd5 exd5 9. Be2 Bb7 10. O-O Nbd7 11. Rfd1 a6 12. Ne5 Rc8 13. Qf5 cxd4 14. exd4 b5 15. Rd3 b4 16. Nd1 g6 17. Qh3 Rc2 18. Re3 Nxe5 19. Bxe5 Bc8 20. Qh6 Re8 21. Bd3 Rc6 22. Rf3 Bf8 23. Qf4 Bg7 24. Ne3 Rf8 25. g4 Ne8 26. Bxg7 Nxg7 27. Qh6 Ne6 28. h4 Nxd4 29. Rf4 Ne6 30. Rxb4 Qd6 31. a3 d4 32. Nf5 Qc7 33. Re1 Rd8 34. Rxd4 Rxd4 35. Nxd4 Rd6 36. Nxe6 Bxe6 37. Qf4 Qb6 38. Bf1 Rd4 39. Qf6 Rxg4+ 40. Kh2 Qd6+ 41. Re5 Re4 42. f4 Qd2+ 43. Bg2 Rxf4 44. Re2 Qd6 45. Qe5 Rxh4+ 46. Kg3 Qd8 47. Bf3 Rd4 48. Rh2 h5 49. Be4 Bf5 50. Bxf5 Rd5 0-1

[Event "GER-ch"]
[Site "Magdeburg"]
[Date "2020.08.20"]
[Round "6"]
[White "Bindrich, Falko"]
[Black "Hess, Max"]
[Result "1/2-1/2"]
[WhiteElo "2605"]
[BlackElo "2378"]
[EventDate "2020.08.16"]
[PlyCount "81"]

1. Nf3 d5 2. d4 e6 3. c4 a6 4. Bg5 Be7 5. Bxe7 Nxe7 6. Nbd2 O-O 7. e3 Nd7 8. Bd3 c5 9. cxd5 Nxd5 10. dxc5 Nb4 11. Nb3 Qf6 12. a3 Nxd3+ 13. Qxd3 Qxb2 14. O-O Ne5 15. Nxe5 Qxe5 16. Rfd1 Qh5 17. Qe4 a5 18. Rac1 e5 19. Rd6 f6 20. Nd2 Qf7 21. Rb6 Rd8 22. Nc4 Qd5 23. Qxd5+ Rxd5 24. Nd6 Rd3 25. Nxb7 Rxa3 26. c6 Kf8 27. c7 Ra7 28. g4 Rxb7 29. Rxb7 Bxb7 30. Rb1 Ba6 31. Rb6 Rc3 32. Rxa6 Rxc7 33. Rxa5 Kf7 34. Kg2 Kg6 35. Kg3 Rc1 36. Ra7 Rg1+ 37. Kf3 h5 38. h3 hxg4+ 39. hxg4 Rb1 40. Kg2 Rb2 41. Kg3 1/2-1/2

[Event "GER-ch"]
[Site "Magdeburg"]
[Date "2020.08.20"]
[Round "6"]
[White "Braun, Georg"]
[Black "Voege, Tobias"]
[Result "1-0"]
[WhiteElo "2360"]
[BlackElo "2326"]
[EventDate "2020.08.16"]
[PlyCount "33"]

1. e4 c5 2. Nf3 b6 3. d4 cxd4 4. Nxd4 Bb7 5. Nc3 a6 6. Bg5 Qc7 7. Bd3 e6 8. O-O Bd6 9. Kh1 Ne7 10. Bxa6 Be5 11. Ndb5 Qc6 12. Bxb7 Qxb7 13. Qd6 O-O 14. Qxe5 f6 15. Qc7 Qxc7 16. Nxc7 Ra7 17. N7b5 1-0

[Event "GER-ch"]
[Site "Magdeburg"]
[Date "2020.08.20"]
[Round "6"]
[White "Dubiel, Jacek [POL]"]
[Black "Pfreundt, Jakob"]
[Result "1/2-1/2"]
[WhiteElo "2414"]
[BlackElo "2397"]
[EventDate "2020.08.16"]
[PlyCount "104"]

1. e4 e6 2. d4 d5 3. exd5 exd5 4. Nf3 Bd6 5. Bd3 Ne7 6. O-O O-O 7. Re1 Bf5 8. Bg5 f6 9. Bh4 Qd7 10. Bg3 Bxg3 11. hxg3 Nbc6 12. c3 Rae8 13. Qc2 Bxd3 14. Qxd3 Nc8 15. Nbd2 Nd6 16. Rxe8 Rxe8 17. Re1 a5 18. Kf1 a4 19. Rxe8+ Qxe8 20. b3 Na5 21. c4 axb3 22. axb3 Nc6 23. Qe2 Qg6 24. Qe6+ Qf7 25. Qxf7+ Kxf7 26. Ke2 Nb4 27. g4 g5 28. cxd5 Nxd5 29. g3 Nb4 30. Nc4 Ke6 31. Ne3 c6 32. Ne1 Nb5 33. N1c2 Nxc2 34. Nxc2 f5 35. gxf5+ Kxf5 36. f3 Nc3+ 37. Kf2 h5 38. g4+ hxg4 39. Ne3+ Ke6 40. fxg4 Nd5 41. Ke2 Nf6 42. Kd3 Kd6 43. Kc4 b5+ 44. Kc3 Kc7 45. b4 Kd6 46. Kc2 Ne4 47. Kd3 Nf2+ 48. Ke2 Nh3 49. Kd3 Nf4+ 50. Kd2 Ke6 51. Kc2 Ne2 52. Kd3 Nf4+ 1/2-1/2

[Event "GER-ch"]
[Site "Magdeburg"]
[Date "2020.08.20"]
[Round "6"]
[White "Ehmann, Thilo"]
[Black "Florstedt, Johannes"]
[Result "1-0"]
[WhiteElo "2329"]
[BlackElo "2350"]
[EventDate "2020.08.16"]
[PlyCount "71"]

1. e4 c5 2. Nf3 d6 3. d4 cxd4 4. Nxd4 Nf6 5. Nc3 a6 6. f3 e5 7. Nb3 Be6 8. Be3 h5 9. Nd5 Bxd5 10. exd5 Nbd7 11. Qd2 g6 12. Na5 Qc7 13. a4 Bg7 14. Nc4 e4 15. a5 exf3 16. gxf3 O-O 17. O-O-O Rfe8 18. Kb1 Ne5 19. Nb6 Rab8 20. Be2 Nfd7 21. f4 Ng4 22. Bxg4 hxg4 23. Rhg1 Nf6 24. Qd3 Re4 25. Rdf1 Rbe8 26. Bd4 Nh5 27. Bxg7 Kxg7 28. f5 Qc5 29. fxg6 f5 30. Qd2 Re2 31. b4 Qb5 32. Qd4+ Kxg6 33. Rxg4+ fxg4 34. Qxg4+ Kh6 35. Rf5 Ng7 36. Qh4+ 1-0

[Event "GER-ch"]
[Site "Magdeburg"]
[Date "2020.08.20"]
[Round "6"]
[White "Geue, Niklas"]
[Black "Muckle, Julius"]
[Result "0-1"]
[WhiteElo "2050"]
[BlackElo "2386"]
[EventDate "2020.08.16"]
[PlyCount "70"]

1. d4 d5 2. c4 c6 3. cxd5 cxd5 4. Nc3 Nf6 5. Bf4 Nc6 6. e3 a6 7. Rc1 Bg4 8. f3 Bf5 9. g4 Bd7 10. Bd3 Qb6 11. Nge2 e6 12. Kf2 Be7 13. a3 O-O 14. Qc2 h6 15. h4 Ne8 16. g5 Bd6 17. gxh6 Bxf4 18. Nxf4 gxh6 19. Rcg1+ Kh8 20. Nh5 Ne7 21. Rg3 e5 22. Ne2 Rc8 23. Qd2 e4 24. fxe4 dxe4 25. Bxe4 Nd6 26. Bd3 Bc6 27. Rc1 Nef5 28. Rg4 Rce8 29. Bxf5 Nxf5 30. Qd3 Nxe3 31. Rg3 Bb5 32. Qd2 Bxe2 33. Ng7 Qf6+ 34. Kxe2 Nf1+ 35. Nxe8 Rxe8+ 0-1

[Event "GER-ch"]
[Site "Magdeburg"]
[Date "2020.08.20"]
[Round "6"]
[White "Graf, Alexander"]
[Black "Parvanyan, Ashot"]
[Result "1-0"]
[WhiteElo "2569"]
[BlackElo "2449"]
[EventDate "2020.08.16"]
[PlyCount "71"]

1. Nf3 Nf6 2. c4 g6 3. b3 Bg7 4. Bb2 O-O 5. g3 d6 6. Bg2 e5 7. Nc3 Re8 8. d3 Nc6 9. O-O a6 10. Rc1 Bd7 11. Nd2 Rb8 12. a3 Ne7 13. b4 h5 14. a4 h4 15. b5 hxg3 16. hxg3 Bh6 17. e3 Bg4 18. Bf3 Bh3 19. Re1 Qd7 20. d4 exd4 21. Nde4 Nh7 22. Nd5 Nxd5 23. Qxd4 Re5 24. cxd5 Rbe8 25. Bh1 f5 26. Nd2 f4 27. Nc4 fxg3 28. f4 Qf5 29. Re2 Qg4 30. Rce1 Rf8 31. Nxe5 dxe5 32. Qxe5 Nf6 33. Qxc7 Nh5 34. d6 g2 35. Bxg2 Bxf4 36. exf4 1-0

[Event "GER-ch"]
[Site "Magdeburg"]
[Date "2020.08.20"]
[Round "6"]
[White "Gustain, Marc"]
[Black "Koellner, Ruben Gideon"]
[Result "1/2-1/2"]
[WhiteElo "2173"]
[BlackElo "2376"]
[EventDate "2020.08.16"]
[PlyCount "124"]

1. e4 d6 2. d4 Nf6 3. Nc3 e5 4. Nge2 c6 5. h3 Be7 6. Be3 b5 7. a3 O-O 8. g4 Bb7 9. Bg2 a5 10. Ng3 Re8 11. O-O Bf8 12. f4 exd4 13. Bxd4 b4 14. axb4 axb4 15. Rxa8 Bxa8 16. Nce2 Na6 17. Qa1 Nc5 18. Bxc5 dxc5 19. Rd1 Qc7 20. c4 bxc3 21. bxc3 Bb7 22. Qa2 Nd7 23. g5 Ra8 24. Qd2 Nb6 25. Nf5 Ba6 26. Neg3 Bc4 27. Qf2 Be6 28. Ne3 Ra2 29. Qf3 Nc4 30. Nxc4 Bxc4 31. Qe3 Qa5 32. Nf5 Rc2 33. Rc1 Rxc1+ 34. Qxc1 Bd3 35. Qb2 Qb5 36. Qa1 Qb8 37. Qc1 c4 38. Kf2 Qd8 39. Kg3 Be2 40. Qe3 Qd3 41. Bf3 Bf1 42. Qxd3 Bxd3 43. Nd4 Ba3 44. Nxc6 Kf8 45. Nd4 Bb2 46. Nb5 Bc2 47. e5 Ba4 48. Nd6 Bxc3 49. Nxc4 Be1+ 50. Kg2 Bb3 51. Nd6 Bd2 52. Kg3 Be1+ 53. Kg4 g6 54. Be4 Bd1+ 55. Bf3 Bb3 56. f5 gxf5+ 57. Kxf5 Be6+ 58. Kf4 Bd2+ 59. Kg3 Bxg5 60. Be4 h6 61. Nf5 Bc1 62. h4 Bb2 1/2-1/2

[Event "GER-ch"]
[Site "Magdeburg"]
[Date "2020.08.20"]
[Round "6"]
[White "Michalowski, Peter"]
[Black "Mueller, Dominik"]
[Result "1-0"]
[WhiteElo "2106"]
[BlackElo "2252"]
[EventDate "2020.08.16"]
[PlyCount "65"]

1. e4 c5 2. Nf3 g6 3. d4 cxd4 4. Nxd4 Bg7 5. Nc3 Nc6 6. Be3 Nf6 7. Bc4 O-O 8. Bb3 a5 9. O-O a4 10. Nxa4 Nxe4 11. Nb5 Ra6 12. c4 d6 13. Qe2 Nf6 14. Rfd1 b6 15. f3 Nd7 16. Qf2 Bb7 17. Rd2 Nce5 18. Rc1 Bc6 19. Nac3 Nc5 20. Qe2 f5 21. Nd4 Bb7 22. Bc2 f4 23. Bf2 Qd7 24. b4 Ne6 25. Nxe6 Qxe6 26. Bb3 Bxf3 27. gxf3 Qh3 28. c5+ e6 29. Bd1 Rf5 30. Kh1 Rg5 31. Bd4 bxc5 32. bxc5 dxc5 33. Ne4 1-0

[Event "GER-ch"]
[Site "Magdeburg"]
[Date "2020.08.20"]
[Round "6"]
[White "Miller, Eduard"]
[Black "Engel, Luis"]
[Result "0-1"]
[WhiteElo "2392"]
[BlackElo "2532"]
[EventDate "2020.08.16"]
[PlyCount "98"]

1. e4 c5 2. Nf3 d6 3. d4 cxd4 4. Nxd4 Nf6 5. Nc3 Nc6 6. Bc4 Qb6 7. Nde2 e6 8. Be3 Qc7 9. Bb3 a6 10. h3 b5 11. a3 Bb7 12. O-O Na5 13. Ng3 Be7 14. f4 h5 15. f5 Nc4 16. Bxc4 Qxc4 17. fxe6 fxe6 18. Rf4 g5 19. Rf2 h4 20. Nf1 Nxe4 21. Nxe4 Qxe4 22. Qd2 Kd7 23. Nh2 Rhf8 24. Raf1 Rxf2 25. Rxf2 Qd5 26. Ng4 Qxd2 27. Bxd2 Be4 28. Nf6+ Bxf6 29. Rxf6 Rg8 30. Rf7+ Kc6 31. Kf2 g4 32. Rf4 Kd5 33. Rxg4 Rxg4 34. hxg4 Bxc2 35. Bg5 Bd1 36. Bxh4 Bxg4 37. Ke3 e5 38. Be1 Ke6 39. Kd3 d5 40. Kc3 d4+ 41. Kb4 Kd5 42. a4 Bd7 43. axb5 axb5 44. Kb3 e4 45. Kc2 e3 46. Kd3 Bf5+ 47. Ke2 Ke4 48. Ba5 d3+ 49. Ke1 Kd5 0-1

[Event "GER-ch"]
[Site "Magdeburg"]
[Date "2020.08.20"]
[Round "6"]
[White "Mons, Leon"]
[Black "Heinemann, Thies"]
[Result "1/2-1/2"]
[WhiteElo "2540"]
[BlackElo "2507"]
[EventDate "2020.08.16"]
[PlyCount "119"]

1. e4 c5 2. Nc3 a6 3. g3 b5 4. Bg2 Bb7 5. Nge2 e6 6. d4 cxd4 7. Nxd4 Nc6 8. O-O Bc5 9. Nb3 Bb6 10. Bf4 Na5 11. Nxa5 Bxa5 12. Bd6 Bxc3 13. bxc3 Ne7 14. a4 bxa4 15. Rxa4 O-O 16. Qa1 a5 17. Qa3 Re8 18. Ra1 Nc8 19. Bc5 d6 20. Be3 Nb6 21. Rxa5 Nc4 22. Rxa8 Qxa8 23. Qxa8 Rxa8 24. Rxa8+ Bxa8 25. Bc1 e5 26. f4 f6 27. Bf1 d5 28. Bd3 g6 29. Kf2 Kf7 30. g4 exf4 31. Bxf4 Ke6 32. h4 Ne5 33. exd5+ Bxd5 34. Kg3 f5 35. gxf5+ gxf5 36. Be3 Bc4 37. Bxc4+ Nxc4 38. Bd4 Na3 39. Kf4 Nxc2 40. Bh8 Ne1 41. h5 Nd3+ 42. Ke3 Nc5 43. c4 Ne4 44. Kf4 Nd2 45. c5 Kd5 46. Kxf5 Kxc5 47. Bc3 Nc4 48. Ke6 Kc6 49. Kf7 Kd7 50. Kg7 Ke6 51. Kxh7 Kf7 52. Kh6 Nd6 53. Bb2 Ne4 54. Be5 Nf6 55. Bxf6 Kxf6 56. Kh7 Kf7 57. h6 Kf8 58. Kg6 Kg8 59. h7+ Kh8 60. Kh6 1/2-1/2

[Event "GER-ch"]
[Site "Magdeburg"]
[Date "2020.08.20"]
[Round "6"]
[White "Schulte, Felix"]
[Black "Bastian, Herbert"]
[Result "1-0"]
[WhiteElo "2174"]
[BlackElo "2272"]
[EventDate "2020.08.16"]
[PlyCount "111"]

1. d4 Nf6 2. c4 g6 3. f3 Bg7 4. e4 d6 5. Nc3 O-O 6. Nge2 e5 7. Bg5 h6 8. Be3 c6 9. Qd2 Kh7 10. O-O-O Qa5 11. Kb1 b5 12. cxb5 cxb5 13. Nd5 Qxd2 14. Nxf6+ Bxf6 15. Rxd2 Nc6 16. d5 Na5 17. b3 Bd8 18. Nc3 a6 19. Bd3 Bd7 20. Rc1 Kg7 21. Rdc2 Rb8 22. Nd1 f5 23. Nb2 Rf7 24. b4 Nc4 25. Bxc4 bxc4 26. Rxc4 fxe4 27. fxe4 a5 28. a3 Bg4 29. R1c2 Rfb7 30. Nd3 Bd7 31. Rb2 Bb5 32. Rc3 axb4 33. Nxb4 Ba5 34. Bd2 Bf1 35. Rg3 Bd8 36. Rc2 Bh4 37. Rgc3 Bd8 38. Ka2 Ra8 39. Rb3 g5 40. Be1 Ba5 41. Kb2 Rf7 42. Re3 Bb6 43. Rf3 Rxf3 44. gxf3 Rf8 45. Rc6 Bc5 46. Bc3 Kg8 47. Na6 Bb5 48. Rxc5 dxc5 49. Nxc5 Rxf3 50. Bxe5 Re3 51. a4 Bxa4 52. d6 Kf7 53. Nxa4 Rxe4 54. d7 Ke7 55. Bf6+ Kxd7 56. Nc5+ 1-0

[Event "GER-ch"]
[Site "Magdeburg"]
[Date "2020.08.20"]
[Round "6"]
[White "Siebrecht, Sebastian"]
[Black "Dobrikov, Marco"]
[Result "1-0"]
[WhiteElo "2417"]
[BlackElo "2290"]
[EventDate "2020.08.16"]
[PlyCount "61"]

1. d4 Nf6 2. c4 g6 3. Nc3 d5 4. e3 Bg7 5. Bd2 O-O 6. Rc1 dxc4 7. Bxc4 a6 8. b4 Nc6 9. a3 e5 10. d5 Ne7 11. e4 Ne8 12. f4 Nd6 13. Bb3 exf4 14. Bxf4 Bxc3+ 15. Rxc3 Nxe4 16. Rxc7 Nf5 17. Nf3 g5 18. Nxg5 Nxg5 19. O-O Ng7 20. Bc2 f6 21. h4 Nf7 22. h5 Ne5 23. d6 Bg4 24. Qd5+ Nf7 25. h6 Ne8 26. Bxh7+ Kxh7 27. Rxf7+ Rxf7 28. Qxf7+ Kh8 29. Re1 Qb6+ 30. Kh2 Qb5 31. Rxe8+ 1-0

[Event "GER-ch"]
[Site "Magdeburg"]
[Date "2020.08.20"]
[Round "6"]
[White "Trifan, Andrei Ioan"]
[Black "Nguyen, Alex Dac Vuong"]
[Result "1/2-1/2"]
[WhiteElo "2249"]
[BlackElo "2366"]
[EventDate "2020.08.16"]
[PlyCount "36"]

1. e4 c6 2. d4 d5 3. exd5 cxd5 4. c4 Nf6 5. Nc3 Nc6 6. Nf3 Bg4 7. Bg5 Qa5 8. Be2 dxc4 9. Bxf6 exf6 10. d5 O-O-O 11. Nd2 Bxe2 12. Qxe2 Ne5 13. Nxc4 Nxc4 14. Qxc4+ Qc7 15. Qg4+ Qd7 16. Qc4+ Qc7 17. Qg4+ Qd7 18. Qc4+ Qc7 1/2-1/2

[Event "GER-ch"]
[Site "Magdeburg"]
[Date "2020.08.20"]
[Round "6"]
[White "Tschernatsch, Johannes"]
[Black "Neurohr, Juergen"]
[Result "1-0"]
[WhiteElo "2241"]
[BlackElo "2022"]
[EventDate "2020.08.16"]
[PlyCount "89"]

1. Nf3 Nf6 2. c4 g6 3. b3 Bg7 4. Bb2 O-O 5. g3 d6 6. d4 e5 7. dxe5 dxe5 8. Qxd8 Rxd8 9. Nxe5 Na6 10. Nd3 Bf5 11. Nc3 Re8 12. O-O-O Rad8 13. Bg2 c6 14. h3 Bh6+ 15. f4 Bxd3 16. exd3 Re3 17. Rhg1 Rdxd3 18. Rxd3 Rxd3 19. Ne2 Bg7 20. Rd1 Nc5 21. Bd4 Rxd1+ 22. Kxd1 Nfd7 23. Be3 f5 24. Kc2 a6 25. Nc3 Bf8 26. b4 Ne6 27. b5 axb5 28. cxb5 cxb5 29. Bxb7 b4 30. Nd5 Ndc5 31. Bc8 Kf7 32. g4 Bd6 33. gxf5 gxf5 34. Nxb4 Nxf4 35. Bxf5 h5 36. a3 Kf6 37. Bc8 Kg5 38. Nd5 Ncd3 39. a4 Kh4 40. Nxf4 Nxf4 41. Bf2+ Kg5 42. a5 Nd5 43. Kb3 Kf4 44. a6 Ne7 45. a7 1-0

[Event "GER-ch"]
[Site "Magdeburg"]
[Date "2020.08.20"]
[Round "7"]
[White "Dobrikov, Marco"]
[Black "Bindrich, Falko"]
[Result "0-1"]
[WhiteElo "2290"]
[BlackElo "2605"]
[EventDate "2020.08.16"]
[PlyCount "54"]

1. e4 c6 2. Nf3 d5 3. Nc3 Bg4 4. h3 Bxf3 5. Qxf3 e6 6. d3 g6 7. Bd2 Bg7 8. O-O-O Nd7 9. g4 Qb6 10. Qg3 Nc5 11. f4 dxe4 12. dxe4 Nxe4 13. Qe1 Nxd2 14. Qxd2 Nf6 15. Na4 Qc7 16. f5 O-O 17. fxe6 fxe6 18. Nc5 Qe5 19. Qd4 Bh6+ 20. Kb1 Qxd4 21. Rxd4 Be3 22. Nxe6 Bxd4 23. Nxd4 Ne4 24. Bc4+ Kh8 25. Kc1 Rae8 26. h4 Nf2 27. Rg1 Re4 0-1

[Event "GER-ch"]
[Site "Magdeburg"]
[Date "2020.08.20"]
[Round "7"]
[White "Dubiel, Jacek [POL]"]
[Black "Braun, Georg"]
[Result "1-0"]
[WhiteElo "2414"]
[BlackElo "2360"]
[EventDate "2020.08.16"]
[PlyCount "121"]

1. e4 c6 2. d4 d5 3. e5 Bf5 4. h4 h5 5. c4 e6 6. Nc3 Ne7 7. Nge2 Nd7 8. Ng3 Bg4 9. f3 Bf5 10. cxd5 exd5 11. Bg5 Be6 12. Qd2 f6 13. exf6 gxf6 14. Be3 Nb6 15. O-O-O Qd7 16. Kb1 O-O-O 17. Ka1 Kb8 18. Bd3 Nf5 19. Bf4+ Ka8 20. Nxf5 Bxf5 21. Rde1 Nc4 22. Qc2 Bxd3 23. Qxd3 Rg8 24. Re2 Bd6 25. Bxd6 Nxd6 26. Na4 Qf5 27. Qa3 Qf4 28. Nc5 Nb5 29. Ne6 Qb8 30. Qd3 Rde8 31. Rhe1 a6 32. Qf5 Qg3 33. a4 Nd6 34. Qxf6 Rg6 35. Qf4 Ka7 36. Qxg3 Rxg3 37. Nf4 Rxe2 38. Rxe2 Nf5 39. Nxh5 Rg8 40. g4 Nxh4 41. Rf2 Kb6 42. Nf6 Rg7 43. f4 Rf7 44. Nh5 c5 45. Kb1 cxd4 46. Kc2 Ka5 47. Kd3 Kxa4 48. f5 Kb3 49. Kxd4 a5 50. Kxd5 b5 51. Ke6 Rh7 52. Nf6 Rh8 53. g5 a4 54. g6 b4 55. g7 Ra8 56. Nd7 Ra6+ 57. Kf7 Ra8 58. Nc5+ Ka2 59. Nxa4 Ra7+ 60. Kf6 Ra6+ 61. Kg5 1-0

[Event "GER-ch"]
[Site "Magdeburg"]
[Date "2020.08.20"]
[Round "7"]
[White "Engel, Luis"]
[Black "Heinemann, Thies"]
[Result "1-0"]
[WhiteElo "2532"]
[BlackElo "2507"]
[EventDate "2020.08.16"]
[PlyCount "91"]

1. e4 c5 2. Nf3 d6 3. Bb5+ Nd7 4. d4 Ngf6 5. O-O cxd4 6. Qxd4 e5 7. Qd3 Be7 8. Bg5 O-O 9. Nc3 Nc5 10. Qe2 Be6 11. Bc4 Ne8 12. Be3 Rc8 13. Bxe6 fxe6 14. Rad1 Bf6 15. Qc4 Qb6 16. Bxc5 dxc5 17. b3 Rc6 18. Na4 Qb4 19. Nb2 b5 20. Qxb4 cxb4 21. Nd3 Be7 22. Rd2 Nf6 23. Ndxe5 Ra6 24. Re1 Rxa2 25. Nc6 Bc5 26. h3 Rc8 27. Nfe5 a5 28. Red1 g5 29. Rd8+ Rxd8 30. Nxd8 Nxe4 31. Nxe6 Bxf2+ 32. Kf1 Bb6 33. Rd7 Ng3+ 34. Ke1 Ra1+ 35. Kd2 Ne4+ 36. Ke2 Ng3+ 37. Kf3 Nf5 38. Kg4 Rf1 39. Rb7 Bd8 40. Nxd8 Nd6 41. Rb8 Kg7 42. Ne6+ Kh6 43. Nxg5 Nf5 44. Rg8 Ne3+ 45. Kg3 Kh5 46. Ngf3 1-0

[Event "GER-ch"]
[Site "Magdeburg"]
[Date "2020.08.20"]
[Round "7"]
[White "Falke, Isaak"]
[Black "Hundack, Rolf"]
[Result "1-0"]
[WhiteElo "2113"]
[BlackElo "2126"]
[EventDate "2020.08.16"]
[PlyCount "147"]

1. e4 e5 2. Nf3 Nc6 3. Bc4 Be7 4. d4 exd4 5. Nxd4 d6 6. Nc3 Nf6 7. O-O O-O 8. f3 Bd7 9. a3 a6 10. Ba2 Rb8 11. Be3 b5 12. Nxc6 Bxc6 13. Qe2 a5 14. b4 a4 15. Rad1 Qc8 16. Ba7 Rb7 17. Bf2 Bd7 18. Nd5 Nxd5 19. exd5 Re8 20. c4 Bf6 21. Qd2 bxc4 22. Bxc4 Rb8 23. Rc1 h6 24. Bd4 Bxd4+ 25. Qxd4 Bb5 26. Qa7 Bxc4 27. Rxc4 Qf5 28. Qxa4 Qxd5 29. Rxc7 Re2 30. Kh1 Qg5 31. Rg1 Rbe8 32. Rcc1 R8e5 33. Qc6 g6 34. Rcd1 d5 35. b5 Qh4 36. Qd6 Rh5 37. Rxd5 Rxd5 38. Qxd5 Qa4 39. b6 Rb2 40. Qc5 Qb5 41. Qxb5 Rxb5 42. Ra1 Rxb6 43. a4 Kf8 44. a5 Ra6 45. Kg1 Ke7 46. Kf2 Kd6 47. Ke3 Kd5 48. Kd3 Kc5 49. Kc3 Kb5 50. Ra2 Rc6+ 51. Kd4 Ka6 52. Kd5 Re6 53. Kc5 Re5+ 54. Kd6 Re6+ 55. Kd7 Re1 56. Kd6 Re6+ 57. Kc5 Re5+ 58. Kb4 Rb5+ 59. Kc3 Rd5 60. Rd2 Rf5 61. Ra2 Rd5 62. f4 Rd1 63. g3 Rd7 64. Kc4 Rd1 65. Kc5 h5 66. Re2 h4 67. Re7 hxg3 68. hxg3 Rg1 69. Re3 Ra1 70. Kd6 g5 71. f5 Rf1 72. Ke5 Kxa5 73. Kf6 g4 74. Re4 1-0

[Event "GER-ch"]
[Site "Magdeburg"]
[Date "2020.08.20"]
[Round "7"]
[White "Hess, Max"]
[Black "Mons, Leon"]
[Result "1/2-1/2"]
[WhiteElo "2378"]
[BlackElo "2540"]
[EventDate "2020.08.16"]
[PlyCount "80"]

1. e4 c5 2. Nf3 d6 3. Bb5+ Nd7 4. a4 Ngf6 5. Nc3 g6 6. a5 Bg7 7. a6 O-O 8. O-O Ne8 9. d4 bxa6 10. Bxa6 Nc7 11. Be2 cxd4 12. Nxd4 Bb7 13. Re1 Nc5 14. Bf3 a6 15. Bg5 Bxd4 16. Qxd4 N7e6 17. Qd2 Nxg5 18. Qxg5 e6 19. Qd2 Qb6 20. Red1 Rfd8 21. b4 Nd7 22. Na4 Qb5 23. Qxd6 Ne5 24. Qxd8+ Rxd8 25. Rxd8+ Kg7 26. Nc5 Qxb4 27. Nxb7 Qxb7 28. Rd4 Qb2 29. Rda4 Qxc2 30. Rxa6 Qd2 31. R6a3 Qb2 32. R3a2 Nxf3+ 33. gxf3 Qf6 34. Ra3 Qg5+ 35. Kf1 Qb5+ 36. Kg2 Qg5+ 37. Kf1 Qb5+ 38. Kg2 Qg5+ 39. Kf1 Qb5+ 40. Kg2 Qg5+ 1/2-1/2

[Event "GER-ch"]
[Site "Magdeburg"]
[Date "2020.08.20"]
[Round "7"]
[White "Koellner, Ruben Gideon"]
[Black "Michalowski, Peter"]
[Result "1-0"]
[WhiteElo "2376"]
[BlackElo "2106"]
[EventDate "2020.08.16"]
[PlyCount "101"]

1. d4 e6 2. Nf3 Nf6 3. Nbd2 c5 4. e3 cxd4 5. exd4 Be7 6. Bd3 b6 7. O-O Bb7 8. Re1 O-O 9. b3 d6 10. Bb2 Nbd7 11. c4 Re8 12. Nf1 Bf8 13. Ng3 Rc8 14. Rc1 Qc7 15. Ng5 Qd8 16. f4 g6 17. Bb1 Bg7 18. Qd3 Nf8 19. Rc2 h6 20. Nf3 Bxf3 21. Qxf3 d5 22. c5 Ne4 23. b4 bxc5 24. dxc5 Bxb2 25. Rxb2 Qf6 26. Ree2 Nc3 27. Red2 Nxb1 28. Rxb1 Re7 29. Ne2 Nd7 30. Qc3 Qxc3 31. Nxc3 a6 32. Ne2 Nb8 33. Rc2 Rec7 34. Nd4 Nc6 35. Nxc6 Rxc6 36. Kf2 f6 37. Ke3 e5 38. fxe5 fxe5 39. Rd2 Rd8 40. Rbd1 d4+ 41. Ke4 a5 42. a3 axb4 43. axb4 Rb8 44. Kd5 Rcc8 45. Rb2 Re8 46. c6 e4 47. b5 e3 48. c7 Rbc8 49. b6 e2 50. Rxe2 Rxe2 51. b7 1-0